Hindu social organization (Record no. 3886)

MARC details
000 -LEADER
fixed length control field 00533cam a2200205ua 4500
001 - CONTROL NUMBER
control field 4067
005 - DATE AND TIME OF LATEST TRANSACTION
control field 20260515113757.0
008 - FIXED-LENGTH DATA ELEMENTS--GENERAL INFORMATION
fixed length control field 140822n ii |||gr||||Z||||||eng
020 ## - INTERNATIONAL STANDARD BOOK NUMBER
International Standard Book Number 81-7154-260-9
040 ## - CATALOGING SOURCE
Transcribing agency MAIN
082 ## - DEWEY DECIMAL CLASSIFICATION NUMBER
Classification number 366
100 ## - MAIN ENTRY--PERSONAL NAME
Personal name Prabhu, Pandharinath H.,
245 ## - TITLE STATEMENT
Title Hindu social organization
Statement of responsibility, etc. by Pandharinath H. Prabhu
250 ## - EDITION STATEMENT
Edition statement 10th.
260 ## - PUBLICATION, DISTRIBUTION, ETC.
Place of publication, distribution, etc. Mumbai:
Name of publisher, distributor, etc. Popular prakashan pvt. ltd.,
Date of publication, distribution, etc. 2006.
300 ## - PHYSICAL DESCRIPTION
Extent 389p:
Dimensions 23cm.
653 ## - INDEX TERM--UNCONTROLLED
Uncontrolled term Associations
653 ## - INDEX TERM--UNCONTROLLED
Uncontrolled term Hindu social organization
942 ## - ADDED ENTRY ELEMENTS (KOHA)
Koha item type Books
Holdings
Withdrawn status Lost status Damaged status Not for loan Home library Current library Date acquired Total checkouts Full call number Barcode Date last seen Copy number Price effective from Koha item type
        Naharkatiya College Library Naharkatiya College Library 09/19/2020   366 | PRA 17090 09/19/2020 2 09/19/2020 Books
        Naharkatiya College Library Naharkatiya College Library 09/19/2020   366 | PRA 20432 09/19/2020 1 09/19/2020 Books